000
00277nam a22001217a 4500
008
170629b xxu||||| |||| 00| 0 eng d
041
_a
eng
080
_a
821
100
_a
22
101
_a
GJL
245
_a
ADVENTURES IN ENGLISH LITERATURE
_c
SCHWEIKERT, H.C
942
_2
udc
_c
BK
999
_c
19510
_d
19510